00521nam a2200145 i 450000100060000000300090000600500170001500700030003200800410003511000650007624501300014126000390027130000310031085200340034154985ES-MaACL20250828073705.0t|030910s1945 sp ||||1| spa d1 aZaragoza.bDelegación de Distrito de Educación Nacional 10aMemoria de las actividades correspondientes al año 1944 de la Delegación de Distrito de Educación Nacional de Zaragoza. aZaragoza : bEl Noticiero, c1945. a91 p., 2 lám. ; c24 cm. aES-MaACLj1867-F-10 bR.21559